| 000 | 00350nam a2200145Ia 4500 | ||
|---|---|---|---|
| 008 | 240328s9999||||xx |||||||||||||| ||und|| | ||
| 020 | _a9788131605851 | ||
| 082 |
_a301 _bRAW/C |
||
| 100 | _aRawat, H.K. | ||
| 245 | 0 | _aContemporary Sociology | |
| 250 | _a1st Edition | ||
| 260 |
_aJaipur _bRawat Publication _c2013 |
||
| 300 | _a420p. | ||
| 942 | _cBK | ||
| 999 |
_c44148 _d44148 |
||